El desarrollo de la sociabilidad / (Record no. 14143)

MARC details
000 -CABECERA
campo de control de longitud fija 00537nam a2200193 a 4500
005 - FECHA Y HORA DE LA ÚLTIMA TRANSACCIÓN
campo de control 20240925064125.0
008 - ELEMENTOS DE LONGITUD FIJA--INFORMACIÓN GENERAL
campo de control de longitud fija 991125s1979 mad 000 0 spa u
020 ## - NÚMERO INTERNACIONAL NORMALIZADO PARA LIBROS
Número Internacional Estándar del Libro 8474300398
035 ## - NÚMERO DE CONTROL DEL SISTEMA
Número de control de sistema UPN01000014143
049 ## - COLECCIÓN
Colección CG
050 #4 - SIGNATURA TOPOGRÁFICA DE LA BIBLIOTECA DEL CONGRESO
Número de clasificación BF721
Número de documento/Ítem S3.38
100 1# - ASIENTO PRINCIPAL--NOMBRE PERSONAL
Nombre de persona Schaffer, Heinz Rudolph
245 13 - MENCIÓN DE TÍTULO
Título El desarrollo de la sociabilidad /
Mención de responsabilidad, etc. H. R. Schaffer ; tr. Enrique La Fuente.
260 ## - PUBLICACIÓN, DISTRIBUCIÓN, ETC.
Lugar de publicación, distribución, etc. Madrid :
Nombre del editor, distribuidor, etc. P. del Río,
Fecha de publicación, distribución, etc. 1979.
300 ## - DESCRIPCIÓN FÍSICA
Extensión 235 p.
440 #0 - MENCIÓN DE SERIE/ASIENTO SECUNDARIO--TÍTULO
Título Síntesis ;
Designación de volumen o secuencia 4
650 #4 - ASIENTO SECUNDARIO DE MATERIA - TERMINO TEMATICO
Término de materia o nombre geográfico como elemento de entrada Niño, Estudio del
9 (RLIN) 221
905 ## - TIPO DE MATERIAL
Tipo de material Libro
Holdings
Estado de retiro Estado de pérdida Fuente del sistema de clasificación o colocación Estado dañado No para préstamo Código de colección Localización permanente Ubicación/localización actual Ubicación en estantería Fecha de adquisición Total de préstamos Clasificación Código de barras Fecha visto por última vez Fecha del último préstamo Número de copia Tipo de ítem Koha
    Library of Congress Classification     Colección General Bib. Gregorio Torres Quintero Bib. Gregorio Torres Quintero Planta baja 16/04/2024 27 BF721 S3.38 67811 29/04/2024 16/04/2024 1 Libro